00596 2200229 4500001002100000005001500021035002000036007000300056008004100059020002200100082000800122084001400130100001300144245005300157250001000210260003800220300003200258650002700290504002700317990001100344990001100355INLIS00000000000334820090101025543 a0010-0109000011ta090101 g 0 ind  a978-602-6348-55-5 a584 a584 PUR t0 aPURWANTO1 aTips Sukses Usaha dan Berkebun Sawit /cPurwanto acet.1 a[s.l] :bForest Publishing,c2016 a103 hlm. :bilus. ;c21 cm. 4aTUMBUHAN. KELAPA SAWIT aBibliografi : hlm. 103 a6669 a a6669 b